Thuật lãnh đạo nhóm dẫn dắt nhóm đến thành công

में बचाया:
ग्रंथसूची विवरण
मुख्य लेखक: Johnson, Joe
स्वरूप: पुस्तक
भाषा:Undetermined
प्रकाशित: Tp. Hồ Chí Minh Trẻ 2001
विषय:
टैग : टैग जोड़ें
कोई टैग नहीं, इस रिकॉर्ड को टैग करने वाले पहले व्यक्ति बनें!
Thư viện lưu trữ: Trung tâm Học liệu Trường Đại học Cần Thơ
LEADER 00590nam a2200193Ia 4500
001 CTU_90625
008 210402s9999 xx 000 0 und d
082 |a 658.4 
082 |b J67 
100 |a Johnson, Joe 
245 0 |a Thuật lãnh đạo nhóm dẫn dắt nhóm đến thành công 
245 0 |c Joe Johnson 
260 |a Tp. Hồ Chí Minh 
260 |b Trẻ 
260 |c 2001 
650 |a Business management,Creative ability in business,Decision,Executives 
650 |x Making 
904 |i Trúc 
980 |a Trung tâm Học liệu Trường Đại học Cần Thơ